[Event "Porz op 26th"]
[Site "Cologne"]
[Date "1991.??.??"]
[Round "8"]
[White "Stoinev, Metodi"]
[Black "Vitolinsh, Alvis"]
[Result "0-1"]
[WhiteElo "2330"]
[BlackElo "2425"]
[PlyCount "110"]
[EventDate "1991.08.10"]
[EventType "swiss"]
[EventRounds "9"]
[EventCountry "GER"]
[SourceTitle "EXT 1997"]
[Source "ChessBase"]
[SourceDate "1996.11.15"]
[SourceVersion "1"]
[SourceVersionDate "1996.11.15"]
[SourceQuality "1"]

1. e4 c5 2. Nf3 d6 3. d4 cxd4 4. Nxd4 Nf6 5. Nc3 a6 6. Be2 g6 7. 0-0 Bg7 8. Bg5 0-0 9. a4 Nc6 10. Nb3 Be6 11. Kh1 Rc8 12. f4 Na5 13. Nxa5 Qxa5 14. Bd3 Rc5 15. f5 gxf5 16. Bd2 f4 17. Rxf4 Qc7 18. Rh4 Rb8 19. Be3 b5 20. axb5 axb5 21. Bxc5 Qxc5 22. Qf3 Qg5 23. g3 h6 24. h3 b4 25. Nd1 d5 26. Nf2 Rd8 27. e5 Nd7 28. Rxb4 Nxe5 29. Qf4 Qh5 30. Kg2 Nxd3 31. cxd3 Qe2 32. d4 Rc8 33. g4 Rc2 34. Ra3 Kh7 35. Rab3 Qe4+ 36. Rf3 Bf6 37. Qxe4+ dxe4 38. Rc3 Rd2 39. Kg3 Bd5 40. Re3 Bxd4 41. Rxd4 Rxd4 42. Kf4 f6 43. Ra3 Kg6 44. Ra5 e6 45. Rb5 h5 46. Ke3 Rc4 47. Rb8 Rc1 48. Rb4 f5 49. Rb5 Rg1 50. Kf4 Rf1 51. gxf5+ exf5 52. Kg3 e3 53. Rxd5 Rxf2 54. b4 f4+ 55. Kh4 e2 0-1

[Event "Porz op 26th"]
[Site "Cologne"]
[Date "1991.??.??"]
[Round "7"]
[White "Vitolinsh, Alvis"]
[Black "Aseev, Konstantin N"]
[Result "0-1"]
[WhiteElo "2425"]
[BlackElo "2525"]
[PlyCount "56"]
[EventDate "1991.08.10"]
[EventType "swiss"]
[EventRounds "9"]
[EventCountry "GER"]
[SourceTitle "EXT 1997"]
[Source "ChessBase"]
[SourceDate "1996.11.15"]
[SourceVersion "1"]
[SourceVersionDate "1996.11.15"]
[SourceQuality "1"]

1. e4 c5 2. Nf3 d6 3. d4 cxd4 4. Nxd4 Nf6 5. Nc3 Nc6 6. Bg5 e6 7. Qd2 Be7 8. 0-0-0 0-0 9. Nb3 a6 10. Bxf6 gxf6 11. f4 Kh8 12. f5 b5 13. Ne2 Re8 14. Nbd4 Nxd4 15. Nxd4 Bd7 16. g3 Rc8 17. Bh3 Bf8 18. Bg4 Rc4 19. Be2 Ra4 20. fxe6 fxe6 21. Kb1 e5 22. Nf5 Be6 23. c4 bxc4 24. Nxd6 Bxd6 25. Qxd6 Qa8 26. Bh5 Qxe4+ 27. Kc1 c3 28. Bxe8 cxb2+ 0-1

[Event "Porz op 27th"]
[Site "Cologne"]
[Date "1991.??.??"]
[Round "5"]
[White "Vitolinsh, Alvis"]
[Black "Dokhoian, Yury"]
[Result "1/2-1/2"]
[WhiteElo "2425"]
[BlackElo "2540"]
[PlyCount "93"]
[EventDate "1991.??.??"]
[EventType "swiss"]
[EventRounds "9"]
[EventCountry "GER"]
[SourceTitle "EXT 1997"]
[Source "ChessBase"]
[SourceDate "1996.11.15"]
[SourceVersion "1"]
[SourceVersionDate "1996.11.15"]
[SourceQuality "1"]

1. e4 e6 2. d4 d5 3. Nc3 Bb4 4. e5 Ne7 5. a3 Bxc3+ 6. bxc3 c5 7. Qg4 0-0 8. Nf3 Nbc6 9. Bd3 f5 10. exf6 Rxf6 11. Bg5 e5 12. Qh4 e4 13. Bxf6 gxf6 14. Qxf6 exd3 15. cxd3 cxd4 16. Nxd4 Nxd4 17. Qxd4 Nc6 18. Qe3 d4 19. Qg3+ Kh8 20. 0-0 Bf5 21. cxd4 Qxd4 22. Qe3 Rd8 23. Rfe1 Qxd3 24. h3 Kg7 25. Qg5+ Bg6 26. Rad1 Qxd1 27. Rxd1 Rxd1+ 28. Kh2 h6 29. Qc5 Rd7 30. f4 Be4 31. f5 Kf6 32. Qe3 Kxf5 33. Qxh6 Rd3 34. Qh5+ Kf4 35. Qg4+ Ke5 36. h4 Nd4 37. h5 Nf5 38. Qg8 Rg3 39. Qh8+ Kf4 40. Qb8+ Kg4 41. Qg8+ Kh4 42. Qd8+ Kg4 43. Qd1+ Kg5 44. Qd8+ Kg4 45. Qd1+ Kg5 46. Qd8+ Kg4 47. Qd1+ 1/2-1/2

[Event "Porz op 27th"]
[Site "Cologne"]
[Date "1991.??.??"]
[Round "9"]
[White "Vitolinsh, Alvis"]
[Black "Niesel, Matthias Peter"]
[Result "1-0"]
[WhiteElo "2425"]
[BlackElo "2285"]
[PlyCount "117"]
[EventDate "1991.??.??"]
[EventType "swiss"]
[EventRounds "9"]
[EventCountry "GER"]
[SourceTitle "EXT 1997"]
[Source "ChessBase"]
[SourceDate "1996.11.15"]
[SourceVersion "1"]
[SourceVersionDate "1996.11.15"]
[SourceQuality "1"]

1. e4 g6 2. d4 Bg7 3. Nc3 d6 4. h3 a6 5. g4 b5 6. Bg2 Bb7 7. Nge2 Nd7 8. Ng3 c5 9. Be3 b4 10. Nce2 Qb6 11. 0-0 e5 12. c3 Rd8 13. f4 cxd4 14. cxd4 Ne7 15. Qd2 exf4 16. Nxf4 0-0 17. g5 Rfe8 18. Rf2 d5 19. exd5 Nf8 20. d6 Nc8 21. Nd5 Bxd5 22. Bxd5 Nxd6 23. Rc1 Rxe3 24. Qxe3 Bxd4 25. Qf3 Bxf2+ 26. Qxf2 Qxf2+ 27. Kxf2 Nb5 28. Ne4 Kg7 29. Bb3 Nd4 30. Rd1 Nfe6 31. Bxe6 Nxe6 32. Rxd8 Nxd8 33. Ke3 h6 34. h4 hxg5 35. hxg5 Ne6 36. Kd3 Kf8 37. Kc4 Ke7 38. Kxb4 Nc7 39. Ka5 Ke6 40. a4 Kf5 41. Nd6+ Kxg5 42. Kb6 Nd5+ 43. Kc5 Ne7 44. Nxf7+ Kf6 45. Nd6 Ke6 46. Ne4 Kf5 47. Nf2 Kf4 48. Kb6 Ke3 49. Ng4+ Kd4 50. a5 Kc4 51. Ne5+ Kb4 52. Kxa6 g5 53. Nd3+ Kc4 54. b4 Nd5 55. Kb7 Kb5 56. a6 g4 57. a7 Nb6 58. Nf4 g3 59. Ng2 1-0

[Event "URS Club Cup 2nd Group1"]
[Site "Podolsk"]
[Date "1990.03.??"]
[Round "?"]
[White "Donchenko, Anatoly G"]
[Black "Vitolinsh, Alvis"]
[Result "1/2-1/2"]
[WhiteElo "2345"]
[BlackElo "2430"]
[PlyCount "127"]
[EventDate "1990.03.??"]
[EventType "team-tourn"]
[EventRounds "6"]
[EventCountry "URS"]
[SourceTitle "EXT 2020"]
[Source "ChessBase"]
[SourceDate "2019.10.17"]
[SourceVersion "1"]
[SourceVersionDate "2019.10.17"]
[SourceQuality "1"]
[WhiteTeam "Moscow GPZ Phoenix"]
[BlackTeam "Riga Chess & Draughts Club"]
[WhiteTeamCountry "URS"]
[BlackTeamCountry "URS"]

1. Nf3 Nf6 2. c4 g6 3. g3 Bg7 4. Bg2 0-0 5. 0-0 d6 6. Nc3 e5 7. Rb1 Nc6 8. d3 Bg4 9. h3 Bd7 10. b4 Qc8 11. Kh2 Ne7 12. c5 Ne8 13. cxd6 Nxd6 14. Bb2 Re8 15. Rc1 Nc6 16. a3 Nd4 17. Nd2 Qd8 18. Nde4 Nxe4 19. Nxe4 b6 20. e3 Ne6 21. Qc2 a5 22. Nd2 axb4 23. axb4 Ra4 24. Bc3 c5 25. bxc5 Nxc5 26. Ne4 Nxe4 27. Bxe4 b5 28. Qb2 Qe7 29. Rb1 Rb8 30. Bd5 Bxh3 31. Bxf7+ Qxf7 32. Kxh3 Kh8 33. Qb3 Qd7+ 34. Kg2 b4 35. Bb2 Ra6 36. Rbc1 Rd6 37. Rfd1 Qb7+ 38. e4 h5 39. Rc5 Qe7 40. Rdc1 Rf8 41. Rc8 Rdd8 42. Rxd8 Qxd8 43. Rc6 Kh7 44. Qe6 Qxd3 45. Qxg6+ Kg8 46. Bxe5 Qf3+ 47. Kh2 Qxf2+ 48. Kh3 Qf7 49. Bxg7 Qxg7 50. Qxg7+ Kxg7 51. Rb6 Rf2 52. Rxb4 Kg6 53. Rb6+ Kg5 54. Re6 Re2 55. e5 h4 56. gxh4+ Kf5 57. Rf6+ Kxe5 58. Rf8 Ra2 59. h5 Ra1 60. Kh4 Rh1+ 61. Kg5 Rg1+ 62. Kh6 Ke6 63. Kh7 Ke7 64. Rg8 1/2-1/2

[Event "URS Club Cup 2nd final A"]
[Site "Podolsk"]
[Date "1990.03.??"]
[Round "1"]
[White "Petrosian, Arshak B"]
[Black "Vitolinsh, Alvis"]
[Result "1/2-1/2"]
[WhiteElo "2480"]
[BlackElo "2430"]
[PlyCount "82"]
[EventDate "1990.03.??"]
[EventType "team-tourn"]
[EventRounds "4"]
[EventCountry "URS"]
[SourceTitle "EXT 2020"]
[Source "ChessBase"]
[SourceDate "2019.10.17"]
[SourceVersion "1"]
[SourceVersionDate "2019.10.17"]
[SourceQuality "1"]
[WhiteTeam "Yerevan"]
[BlackTeam "Riga Chess & Draughts Club"]
[WhiteTeamCountry "ARM"]
[BlackTeamCountry "URS"]

1. d4 Nf6 2. c4 g6 3. Nc3 Bg7 4. e4 d6 5. Be2 0-0 6. Bg5 c5 7. d5 b5 8. cxb5 a6 9. a4 Qa5 10. Bd2 axb5 11. Bxb5 Ba6 12. Ra3 Nbd7 13. Nf3 Bxb5 14. Nxb5 Qa6 15. Qc2 Rfc8 16. 0-0 c4 17. Nfd4 Nc5 18. Nc6 Bf8 19. f3 e6 20. Qxc4 exd5 21. exd5 Nxd5 22. Qxd5 Qxc6 23. Qxc6 Rxc6 24. b4 Nxa4 25. Nc3 Nb6 26. Rxa8 Nxa8 27. Ra1 Nb6 28. Ra6 d5 29. Nxd5 Rc2 30. Nf6+ Kg7 31. Be3 Kxf6 32. Rxb6+ Ke5 33. Rb7 Ke6 34. Rb6+ Ke5 35. Rb7 Ke6 36. Kf1 Bd6 37. h3 Rb2 38. b5 Rb1+ 39. Ke2 Rb2+ 40. Kf1 Rb1+ 41. Ke2 Rb2+ 1/2-1/2

[Event "URS Club Cup 2nd Group1"]
[Site "Podolsk"]
[Date "1990.03.??"]
[Round "?"]
[White "Vitolinsh, Alvis"]
[Black "Mochalov, Evgeny Veniaminovic"]
[Result "1-0"]
[WhiteElo "2430"]
[BlackElo "2420"]
[PlyCount "52"]
[EventDate "1990.03.??"]
[EventType "team-tourn"]
[EventRounds "6"]
[EventCountry "URS"]
[SourceTitle "EXT 2020"]
[Source "ChessBase"]
[SourceDate "2019.10.17"]
[SourceVersion "1"]
[SourceVersionDate "2019.10.17"]
[SourceQuality "1"]
[WhiteTeam "Riga Chess & Draughts Club"]
[BlackTeam "Minsk Chess & Draughts House"]
[WhiteTeamCountry "URS"]
[BlackTeamCountry "URS"]

1. e4 c5 2. Nf3 d6 3. d4 cxd4 4. Nxd4 Nf6 5. Nc3 e6 6. Bg5 Be7 7. Qd2 a6 8. 0-0-0 0-0 9. f4 b5 10. e5 b4 11. exf6 bxc3 12. Qxc3 Bxf6 13. h4 Bb7 14. Qb4 Qc7 15. Bxf6 gxf6 16. Rh3 Nd7 17. Rc3 Qb8 18. Nf5 exf5 19. Rxd6 Be4 20. Qd4 Rc8 21. Bc4 Rxc4 22. Rxc4 Nf8 23. Qxf6 Ne6 24. Qe5 Qa7 25. b3 Qe3+ 26. Kb2 Re8 1-0

[Event "URS Club Cup 2nd Group1"]
[Site "Podolsk"]
[Date "1990.03.??"]
[Round "?"]
[White "Vitolinsh, Alvis"]
[Black "Shcherbakov, Ruslan"]
[Result "0-1"]
[WhiteElo "2430"]
[BlackElo "2360"]
[PlyCount "104"]
[EventDate "1990.03.??"]
[EventType "team-tourn"]
[EventRounds "6"]
[EventCountry "URS"]
[SourceTitle "EXT 2020"]
[Source "ChessBase"]
[SourceDate "2019.10.17"]
[SourceVersion "1"]
[SourceVersionDate "2019.10.17"]
[SourceQuality "1"]
[WhiteTeam "Riga Chess & Draughts Club"]
[BlackTeam "Cheliabinsk Poliot"]
[WhiteTeamCountry "URS"]
[BlackTeamCountry "URS"]

1. e4 c5 2. Nf3 d6 3. d4 cxd4 4. Nxd4 Nf6 5. Nc3 Nc6 6. Bg5 e6 7. Qd2 a6 8. 0-0-0 Bd7 9. f4 b5 10. e5 dxe5 11. fxe5 Nxe5 12. Qe1 Qb8 13. Kb1 b4 14. Ne4 Nd5 15. Nf3 Bc6 16. Nd4 Bd7 17. Nb3 Qb6 18. Bc4 Nxc4 19. Rxd5 h6 20. Bh4 Qe3 21. Rd4 Qxe1+ 22. Rxe1 Bb5 23. Nbc5 Bxc5 24. Nxc5 g5 25. Bg3 Rc8 26. Nd3 a5 27. Rd5 Ba4 28. Rc5 Rxc5 29. Nxc5 Bc6 30. b3 Na3+ 31. Kb2 Nb5 32. Re5 Bd5 33. a4 bxa3+ 34. Ka2 Nc3+ 35. Kxa3 Ke7 36. Re3 Nb5+ 37. Ka4 Nd6 38. Kxa5 Rc8 39. Bxd6+ Kxd6 40. b4 Bxg2 41. Rd3+ Ke5 42. Rd2 Bf3 43. c4 g4 44. Nd7+ Kf4 45. c5 h5 46. b5 h4 47. Kb6 g3 48. hxg3+ hxg3 49. c6 g2 50. Rxg2 Bxg2 51. Kb7 Rh8 52. Kc7 e5 0-1

[Event "URS Club Cup 2nd final A"]
[Site "Podolsk"]
[Date "1990.03.??"]
[Round "4"]
[White "Vitolinsh, Alvis"]
[Black "Smagin, Sergey"]
[Result "1/2-1/2"]
[WhiteElo "2430"]
[BlackElo "2520"]
[PlyCount "20"]
[EventDate "1990.03.??"]
[EventType "team-tourn"]
[EventRounds "4"]
[EventCountry "URS"]
[SourceTitle "EXT 2020"]
[Source "ChessBase"]
[SourceDate "2019.10.17"]
[SourceVersion "1"]
[SourceVersionDate "2019.10.17"]
[SourceQuality "1"]
[WhiteTeam "Riga Chess & Draughts Club"]
[BlackTeam "Moscow Tigran Petrosian"]
[WhiteTeamCountry "URS"]
[BlackTeamCountry "RUS"]

1. Nf3 d5 2. c4 c6 3. b3 Bg4 4. e3 e6 5. Bb2 Nd7 6. Be2 Ngf6 7. 0-0 Bd6 8. Nc3 0-0 9. h3 Bh5 10. d4 Ne4 1/2-1/2

[Event "LAT-ch playoff"]
[Site "Riga"]
[Date "1989.04.17"]
[Round "4"]
[White "Vitolinsh, Alvis"]
[Black "Kengis, Edvins"]
[Result "1/2-1/2"]
[WhiteElo "2425"]
[BlackElo "2465"]
[PlyCount "53"]
[EventDate "1989.04.14"]
[EventType "tourn"]
[EventRounds "4"]
[EventCountry "URS"]
[SourceTitle "EXT 2015"]
[Source "ChessBase"]
[SourceDate "2014.11.20"]
[SourceVersion "1"]
[SourceVersionDate "2014.11.20"]
[SourceQuality "1"]

1. e4 Nf6 2. e5 Nd5 3. d4 d6 4. Nf3 dxe5 5. Nxe5 g6 6. c4 Nb6 7. Nc3 Bg7 8. Be3 c5 9. f4 cxd4 10. Qxd4 Qxd4 11. Bxd4 N6d7 12. Nd5 Nxe5 13. Bxe5 Bxe5 14. fxe5 Na6 15. Be2 Be6 16. 0-0 Rc8 17. Rad1 g5 18. b4 h5 19. c5 Bxd5 20. Rxd5 Nxb4 21. Bb5+ Kf8 22. Rd7 Rxc5 23. e6 f5 24. Rxb7 Nxa2 25. Bd3 f4 26. h4 Nc1 27. Ba6 1/2-1/2

[Event "LAT-ch"]
[Site "Riga"]
[Date "1989.03.15"]
[Round "4.6"]
[White "Vitolinsh, Alvis"]
[Black "Shmit, Anatoly"]
[Result "1/2-1/2"]
[WhiteElo "2425"]
[BlackElo "2095"]
[PlyCount "41"]
[EventDate "1989.03.10"]
[EventType "tourn"]
[EventRounds "13"]
[EventCountry "URS"]
[SourceTitle "EXT 2015"]
[Source "ChessBase"]
[SourceDate "2014.11.20"]
[SourceVersion "1"]
[SourceVersionDate "2014.11.20"]
[SourceQuality "1"]

1. e4 c5 2. Nf3 e6 3. d4 cxd4 4. Nxd4 Nc6 5. Be3 Nf6 6. Nd2 e5 7. N4b3 d5 8. exd5 Nxd5 9. Qf3 Nxe3 10. fxe3 Qh4+ 11. Qf2 Qh5 12. Be2 Bg4 13. Bxg4 Qxg4 14. Qe2 Qxe2+ 15. Kxe2 Be7 16. Rad1 0-0-0 17. Rhf1 f6 18. Ne4 Rxd1 19. Rxd1 Rd8 20. Rxd8+ Nxd8 21. g4 1/2-1/2

[Event "Rostock-A 15th"]
[Site "Rostock"]
[Date "1989.??.??"]
[Round "5"]
[White "Kovalev, Andrei"]
[Black "Vitolinsh, Alvis"]
[Result "1/2-1/2"]
[WhiteElo "2505"]
[BlackElo "2425"]
[PlyCount "27"]
[EventDate "1989.08.19"]
[EventType "tourn"]
[EventRounds "9"]
[EventCountry "DDR"]
[EventCategory "6"]
[SourceTitle "EXT 2002"]
[Source "ChessBase"]
[SourceDate "2001.11.25"]
[SourceVersion "1"]
[SourceVersionDate "2001.11.25"]
[SourceQuality "1"]

1. e4 e5 2. Nf3 Nf6 3. Nxe5 d6 4. Nf3 Nxe4 5. Qe2 Qe7 6. d3 Nf6 7. Bg5 Qxe2+ 8. Bxe2 Be7 9. Nc3 c6 10. 0-0-0 Na6 11. Rhe1 Nc7 12. Nd4 Ne6 13. Nxe6 Bxe6 14. Bf3 1/2-1/2

[Event "Rostock-A 15th"]
[Site "Rostock"]
[Date "1989.??.??"]
[Round "8"]
[White "Stern, Rene"]
[Black "Vitolinsh, Alvis"]
[Result "1/2-1/2"]
[WhiteElo "2335"]
[BlackElo "2425"]
[PlyCount "87"]
[EventDate "1989.08.19"]
[EventType "tourn"]
[EventRounds "9"]
[EventCountry "DDR"]
[EventCategory "6"]
[SourceTitle "EXT 2002"]
[Source "ChessBase"]
[SourceDate "2001.11.25"]
[SourceVersion "1"]
[SourceVersionDate "2001.11.25"]
[SourceQuality "1"]

1. d4 Nf6 2. Nf3 e6 3. g3 b6 4. Bg2 Bb7 5. 0-0 c5 6. c4 cxd4 7. Nxd4 Bxg2 8. Kxg2 Qc8 9. b3 a6 10. Kg1 Be7 11. Bb2 0-0 12. Nc3 Qb7 13. Qd3 d6 14. Rac1 Nbd7 15. Rfd1 Ne5 16. Qb1 h5 17. h4 Rfd8 18. a4 g6 19. Qa1 Bf8 20. a5 Bh6 21. Rb1 Nfg4 22. Bc1 Bg7 23. f3 Nf6 24. Bg5 Rd7 25. Kg2 Rc8 26. axb6 Qxb6 27. Be3 Qb7 28. Bg1 d5 29. c5 Rdc7 30. Na4 Nfd7 31. Qa3 a5 32. Rdc1 Bf8 33. Qa1 Bg7 34. Qa3 Qa6 35. Rc2 Bf8 36. Rbc1 Nc6 37. Nxc6 Rxc6 38. Qa1 Qb5 39. Qd4 Bg7 40. Qd3 Qxd3 41. exd3 d4 42. Rc4 e5 43. f4 f6 44. Nb6 1/2-1/2

[Event "URS-sf"]
[Site "Daugavpils"]
[Date "1989.??.??"]
[Round "?"]
[White "Ubilava, Elizbar"]
[Black "Vitolinsh, Alvis"]
[Result "1-0"]
[WhiteElo "2525"]
[BlackElo "2425"]
[PlyCount "79"]
[EventDate "1989.11.??"]
[EventType "tourn"]
[EventRounds "15"]
[EventCountry "URS"]
[EventCategory "9"]
[SourceTitle "CBM 016"]
[Source "ChessBase"]
[SourceDate "1990.06.01"]
[SourceVersion "1"]
[SourceVersionDate "1990.06.01"]
[SourceQuality "1"]

1. c4 e6 2. Nc3 Bb4 3. Qc2 Ne7 4. a3 Bxc3 5. Qxc3 0-0 6. d4 b6 7. Nf3 Bb7 8. g3 c5 9. dxc5 bxc5 10. Bg2 d6 11. 0-0 Qc7 12. Rd1 Nbc6 13. b4 e5 14. e3 f6 15. Nd2 Nd8 16. Bxb7 cxb4 17. axb4 Qxb7 18. b5 Nf7 19. Qd3 f5 20. Ra6 Ng5 21. Qf1 d5 22. h4 Nf7 23. Ba3 Rfe8 24. Re6 Ng6 25. Rc6 e4 26. cxd5 Nge5 27. Nb3 Nf3+ 28. Kh1 N7e5 29. Nd4 Nxd4 30. Rxd4 Nxc6 31. bxc6 Qb3 32. Qc1 f4 33. gxf4 Rec8 34. Qb2 Qxb2 35. Bxb2 Rd8 36. Ba3 Kf7 37. Kg2 a5 38. f3 exf3+ 39. Kxf3 a4 40. Ke4 1-0

[Event "URS-sf"]
[Site "Daugavpils"]
[Date "1989.??.??"]
[Round "?"]
[White "Vitolinsh, Alvis"]
[Black "Dautov, Rustem"]
[Result "1/2-1/2"]
[WhiteElo "2425"]
[BlackElo "2535"]
[PlyCount "81"]
[EventDate "1989.11.??"]
[EventType "tourn"]
[EventRounds "15"]
[EventCountry "URS"]
[EventCategory "9"]
[SourceTitle "CBM 016"]
[Source "ChessBase"]
[SourceDate "1990.06.01"]
[SourceVersion "1"]
[SourceVersionDate "1990.06.01"]
[SourceQuality "1"]

1. e4 d5 2. exd5 Nf6 3. d4 Nxd5 4. Nf3 Bg4 5. h3 Bh5 6. g4 Bg6 7. Ne5 Nd7 8. Nxg6 hxg6 9. Bg2 e6 10. c4 N5b6 11. Qe2 c6 12. Nc3 Bb4 13. 0-0 0-0 14. c5 Nd5 15. Ne4 Ba5 16. f4 Bc7 17. Bd2 N7f6 18. Rad1 Nxe4 19. Qxe4 Qd7 20. Qf3 b6 21. f5 gxf5 22. gxf5 Rae8 23. b4 Bb8 24. Rf2 Qc7 25. Bf1 exf5 26. Qxf5 Re3 27. Bxe3 Nxe3 28. Qf3 Nxd1 29. Qxd1 Qg3+ 30. Bg2 Re8 31. Kf1 Qc3 32. Bxc6 Re6 33. Bd5 Rh6 34. Bg2 Qe3 35. Rf3 Qg5 36. d5 Rg6 37. Qe2 Bg3 38. Qe3 Bf4 39. Qxf4 Qxg2+ 40. Ke1 Qh1+ 41. Ke2 1/2-1/2

[Event "URS-sf"]
[Site "Daugavpils"]
[Date "1989.??.??"]
[Round "?"]
[White "Vitolinsh, Alvis"]
[Black "Kupreichik, Viktor D"]
[Result "1-0"]
[WhiteElo "2425"]
[BlackElo "2520"]
[PlyCount "105"]
[EventDate "1989.11.??"]
[EventType "tourn"]
[EventRounds "15"]
[EventCountry "URS"]
[EventCategory "9"]
[SourceTitle "CBM 016"]
[Source "ChessBase"]
[SourceDate "1990.06.01"]
[SourceVersion "1"]
[SourceVersionDate "1990.06.01"]
[SourceQuality "1"]

1. e4 e5 2. Nf3 Nc6 3. Bb5 a6 4. Ba4 Nf6 5. 0-0 Be7 6. Re1 b5 7. Bb3 0-0 8. a4 b4 9. d4 d6 10. dxe5 Nxe5 11. Nxe5 dxe5 12. Bg5 Bb7 13. Nd2 Nd7 14. Be3 Bc5 15. Nc4 Qe7 16. Qg4 Nf6 17. Qg5 Rfe8 18. f3 Rad8 19. Rad1 h6 20. Bxc5 Qxc5+ 21. Qe3 Qxe3+ 22. Nxe3 Kf8 23. Nc4 Rxd1 24. Rxd1 Bc8 25. Na5 Bd7 26. Nb7 Ke7 27. Nc5 a5 28. Bxf7 Kxf7 29. Nxd7 Re6 30. Rd2 Ke7 31. Nc5 Rc6 32. Nb3 Nd7 33. Nxa5 Ra6 34. Nb3 Nb6 35. a5 Nc4 36. Rd5 c6 37. Rc5 Nxb2 38. Rxe5+ Kd6 39. Re8 Nc4 40. Rd8+ Ke5 41. Rb8 Nxa5 42. Nc5 Ra7 43. Rxb4 Kd6 44. Nd3 Nb7 45. Kf2 Nd8 46. Ke3 Ra2 47. Rb2 Ra1 48. f4 Rg1 49. c4 Ne6 50. f5 Nf8 51. Rb7 Nd7 52. c5+ Nxc5 53. Nxc5 1-0

[Event "Frunze op"]
[Site "Frunze"]
[Date "1989.??.??"]
[Round "?"]
[White "Vitolinsh, Alvis"]
[Black "Lukin, Andrei M"]
[Result "1-0"]
[WhiteElo "2425"]
[BlackElo "2450"]
[PlyCount "69"]
[EventDate "1989.08.??"]
[EventType "swiss"]
[EventRounds "11"]
[EventCountry "URS"]
[SourceTitle "TD"]
[Source "ChessBase"]
[SourceDate "1994.03.01"]
[SourceVersion "1"]
[SourceVersionDate "1994.03.01"]
[SourceQuality "1"]

1. e4 c5 2. Nf3 Nc6 3. d4 cxd4 4. Nxd4 e6 5. Be3 Nf6 6. Nd2 d5 7. Bb5 Bd7 8. Bxc6 bxc6 9. e5 Ng8 10. 0-0 Ne7 11. c4 Ng6 12. cxd5 exd5 13. f4 c5 14. N4b3 d4 15. Bf2 Be7 16. Qf3 0-0 17. Nc4 Be6 18. Nbd2 Bd5 19. Qg4 h5 20. Qf5 Be6 21. Qxh5 Nxf4 22. Qf3 Ng6 23. Bg3 Qd5 24. Rac1 Bg5 25. Qd3 Bd7 26. Rce1 Bb5 27. b3 Bxd2 28. Qxd2 Bxc4 29. bxc4 Qxc4 30. h4 Qe6 31. Qg5 Kh7 32. Rf6 gxf6 33. exf6 Qc6 34. Qh5+ Kg8 35. Be5 1-0